000 00844nas a2200253 4500
001 BR7900466
003 BR-BrBNA
005 20231205083618.0
007 ta
008 230509b bl.|||p| |||| 00| 00por d
040 _aBR-BrBNA
_bpor
_cBiblioteca Nacional de Agricultura
041 _a(Pt)
072 _aH10
100 1 _aZanuncio, J.C.
100 1 _aVilela, E.F.
100 1 _aRomeiro, R. da S.
100 1 _aSuplicy Filho, N.
245 1 _aCaracterizacao bioquimica e patogenicidade do Bacilus thuringiensis a Euselasia apison (Lepidoptera: Riodinidae), em condicoes de laboratorio [bacteria, inseto, eucalipto]
650 _aEUCALIPTO
650 _aLEPIDOPTERO
773 0 _tRevista Arvore (Brazil)
_xISSN 0100-6762
_g(Jan 1978), v. 2(1) p. 51-60
_wBR7900466
909 _a202311
_bLúcia
_c55
_dLúcia Elande
942 _2AGRIS
_n0
_cANA
999 _c100050
_d100050